Rides in Disney World Quiz Stats

 Plays Quiz Updated Oct 28, 2018

Also try: Countries in Epcot
Challenge
Share
Tweet
Embed
Score 0/46 Timer 08:00
14 Plays Today
Park Area Ride % Correct
Magic Kingdom (Tomorrowland)Space Mountain
87.5%
Magic Kingdom (Frontierland)Splash Mountain
80%
Hollywood StudiosThe Twilight Zone Tower of Terror
72.2%
Magic Kingdom (Frontierland)Big Thunder Mountain Railroad
69.4%
Magic Kingdom (Fantasyland)It's a Small World
66.2%
Magic Kingdom (Fantasyland)Dumbo the Flying Elephant
64.1%
Magic Kingdom (Fantasyland)Peter Pan's Flight
62.4%
Hollywood StudiosToy Story Midway Mania!
59.5%
Magic Kingdom (Liberty Square)Haunted Mansion
59.4%
Epcot (Future World)Test Track
56.6%
Magic Kingdom (Adventureland)Pirates of the Caribbean
55.3%
Magic Kingdom (Tomorrowland)Buzz Lightyear's Space Ranger Spin
53.2%
Magic Kingdom (Fantasyland)Seven Dwarfs Mine Train
53%
Epcot (World Showcase)Frozen Ever After
49.3%
Magic Kingdom (Fantasyland)Mad Tea Party
49.1%
Epcot (Future World)Soarin'
45.5%
Magic Kingdom (Adventureland)Jungle Cruise
44.9%
Magic Kingdom (Fantasyland)The Many Adventures of Winnie the Pooh
43.2%
Epcot (Future World)Mission: SPACE
43%
Animal KingdomExpedition Everest
41.1%
Animal KingdomDinosaur
40.8%
Hollywood StudiosRock 'n' Roller Coaster starring Aerosmith
39.6%
Magic Kingdom (Fantasyland)Prince Charming Regal Carousel
38.9%
Park Area Ride % Correct
Animal KingdomAvatar Flight of Passage
37.6%
Magic Kingdom (Fantasyland)Under the Sea Journey of The Little Mermaid
37%
Magic Kingdom (Fantasyland)The Barnstormer
36.6%
Animal KingdomNa'vi River Journey
34.5%
Hollywood StudiosSlinky Dog Dash
33.7%
Epcot (Future World)Spaceship Earth
33.6%
Hollywood StudiosAlien Swirling Saucers
32%
Magic Kingdom (Whole Park)Walt Disney World Railroad
31.6%
Hollywood StudiosStar Tours
31.5%
Animal KingdomKali River Rapids
27%
Magic Kingdom (Adventureland)The Magic Carpets of Aladdin
27%
Magic Kingdom (Tomorrowland)Astro Orbiter
26.4%
Magic Kingdom (Tomorrowland)Tomorrowland Transit Authority Peoplemover
25.5%
Epcot (World Showcase)Gran Fiesta Tour Starring The Three Caballeros
25%
Epcot (Future World)Journey into Imagination with Figment
22%
Magic Kingdom (Tomorrowland)Tomorrowland Speedway
21.5%
Animal KingdomKilimanjaro Safaris
21.4%
Epcot (Future World)Living with the Land
19.2%
Magic Kingdom (Liberty Square)Liberty Square Riverboat
18.5%
Epcot (Future World)The Seas with Nemo & Friends
16.9%
Animal KingdomPrimeval Whirl
15.7%
Animal KingdomTriceraTop Spin
13.5%
Animal KingdomWildlife Express Train
4.8%

You're not logged in!

Compare scores with friends on all Sporcle quizzes.
OR
Log In

You Might Also Like...

Show Comments

Extras

Top Quizzes Today


Score Distribution

Your Account Isn't Verified!

In order to create a playlist on Sporcle, you need to verify the email address you used during registration. Go to your Sporcle Settings to finish the process.

Report this User

Report this user for behavior that violates our Community Guidelines.

Details: